00714 2200193 4500245006600000250001100066100002100077700002500098700001800123700002100141650001600162005001900178260001800197041001400215084000800229300002100237500025300258336000900511 aKoleksi Karya Siswa Kelas X-PemasarancAngelin MaharanihText aCet. 1 aAngelin Maharani aAghits Aliya Zahirah aFebby Febiola aRuni Hana Nabila aKarya Siswa a20240130142257 aJakartac2024 aIndonesia a081 a49 hlm. :cilus. aKoleksi karya siswa ini merupakan koleksi karya cerita pendek dari beberapa siswa kelas X-Pemasaran. Adapun beberapa judulnya seperti Anak Perempuan yang Kehilangan Pundaknya karya Febby Febiola, Januari karya Runi Hana Nabila, dan lain sebagainya. atext